logo

Bir Sreshtho Munshi Abdur Rouf Library
Jhenaidah Cadet College

Ethnic-Senstitive Social Work Practice / (Record no. 8016)

MARC details
000 -LEADER
fixed length control field 00602nam a2200217 a 4500
001 - CONTROL NUMBER
JCCL Control Number 8016
003 - CONTROL NUMBER IDENTIFIER
JCCL marc code BD-JhCC
005 - DATE AND TIME OF LATEST TRANSACTION
control field 20180220171324.0
008 - FIXED-LENGTH DATA ELEMENTS--GENERAL INFORMATION
fixed length control field 180217s1964 nyu||||| |||| 000 0 eng d
035 ## - SYSTEM CONTROL NUMBER
system control number (BD-JhCC)
040 ## - CATALOGING SOURCE
Original cataloging agency BD-JhCC
Modifying agency BD-JhCC
041 ## - LANGUAGE CODE
Language code of Book eng
082 ## - DEWEY DECIMAL CLASSIFICATION NUMBER
Classification number 361.3
Author mark and Year DEV 1964
100 ## - MAIN ENTRY--PERSONAL NAME
Personal name Devore, Wynetta
245 ## - TITLE STATEMENT
Title Ethnic-Senstitive Social Work Practice /
Statement of responsibility, etc Wynetta Devore, Elfriede G. Schlesinger
260 ## - PUBLICATION, DISTRIBUTION, ETC. (IMPRINT)
Place of publication, distribution, etc New York:
Name of publisher, distributor, etc Macmillan Publishing Company,
Date of publication, distribution, etc 1964
300 ## - PHYSICAL DESCRIPTION
Pagination 298 p;,
Dimensions 22 cm
650 ## - SUBJECT ADDED ENTRY--TOPICAL TERM
Topical term or geographic name as entry element Social Work
700 ## - ADDED ENTRY--PERSONAL NAME
Personal name Schlesinger, Elfriede G.
942 ## - ADDED ENTRY ELEMENTS (KOHA)
Source of classification or shelving scheme Dewey Decimal Classification
Koha item type Books
Holdings
Source of classification or shelving scheme Damaged status Not for loan Home library Current library Shelving location Date of accession Total Checkouts Full call number Barcode Date last seen Copy number Koha item type
Dewey Decimal Classification     JCC Rouf Library JCC Rouf Library General Stacks 02/17/2018   361.3 DEV 1964 10530 02/17/2018 C-1 Books

JCC Library | Contacts | JCC Home

Last Update on 23 September 2017
Copyright @ 2017-2020 JCC Rouf Library
Rouf Library, Jhenidah Cadet College (JCC), Bangladesh